| 000 | 01229cam a2200313 a 4500 | ||
|---|---|---|---|
| 999 |
_c17239 _d17239 |
||
| 001 | 17265573 | ||
| 003 | OSt | ||
| 005 | 20161123092557.0 | ||
| 008 | 120420s2011 paua 000 0 eng | ||
| 010 | _a 2012392285 | ||
| 020 | _a9781451112481 | ||
| 020 | _a1451112483 | ||
| 040 |
_aDLC _cDLC _dDLC |
||
| 042 | _apcc | ||
| 050 | 0 | 0 |
_aRM147 _b.E936 2011 |
| 082 | 0 | 0 |
_a615.1022/2 _223 |
| 100 | 1 |
_aLynn, Pamela Barbara, _d1961- |
|
| 245 | 1 | 0 |
_aLippincott's photo atlas of medication administration / _cPamela Lynn. |
| 246 | 3 | 0 | _aPhoto atlas of medication administration |
| 246 | 1 | 4 | _aLippincott's atlas of medication administration |
| 250 | _a4th ed. | ||
| 260 |
_aPhiladelphia : _bWolters Kluwer/Lippincott Williams & Wilkins, _cc2011. |
||
| 300 |
_aiii, 85 p. : _bcol. ill. ; _c28 cm. |
||
| 650 | 0 |
_aDrugs _xAdministration _vAtlases. |
|
| 650 | 0 |
_aNursing _vAtlases. |
|
| 856 | 4 | 1 |
_3Table of contents only _uhttp://www.loc.gov/catdir/enhancements/fy1211/2012392285-t.html |
| 856 | 4 | 2 |
_3Publisher description _uhttp://www.loc.gov/catdir/enhancements/fy1316/2012392285-d.html |
| 906 |
_a7 _bcbc _corigcop _d2 _encip _f20 _gy-gencatlg |
||
| 942 |
_2lcc _cREF_BOOK _hREF RM 147 .L96 2008 |
||